Julio Romero de Torres / (Record no. 114853)

MARC details
000 -LEADER
campo de control de longitud fija 01040nam a2200265 i 4500
001 - NÚMERO DE CONTROL
campo de control 114853
003 - IDENTIFICADOR DE NÚMERO DE CONTROL
campo de control ES-MaACL
005 - FECHA Y HORA DE LA ÚLTIMA TRANSACCIÓN
campo de control 20251003151558.0
008 - DATOS DE LONGITUD FIJA--INFORMACIÓN GENERAL
campo de control de longitud fija 070404s1920 sp f |||| |dspa d
080 ## - NÚMERO DE LA CLASIFICACIÓN DECIMAL UNIVERSAL
Número de la Clasificación Decimal Universal 75 Romero de Torres, Julio
100 1# - ENTRADA PRINCIPAL--NOMBRE DE PERSONA
Nombre de persona Romero de Torres, Julio.
9 (RLIN) 99382
245 10 - MENCIÓN DEL TÍTULO
Título Julio Romero de Torres /
Mención de responsabilidad, etc. [textos, Gregorio Martínez Sierra, Ramón del Valle Inclán, Jacinto Benavente, José Nogales y Manuel Abril].
260 ## - PUBLICACIÓN, DISTRIBUCIÓN, ETC.
Lugar de publicación, distribución, etc. [S.l. :
Nombre del editor, distribuidor, etc. s.n.,
Fecha de publicación, distribución, etc. 1920?] (
Lugar de fabricación/manufactura Madrid :
Fabricante Tip. Artística)
300 ## - DESCRIPCIÓN FÍSICA
Extensión 28 p., 27 h. de lám. ;
Dimensiones 21 cm.
490 1# - MENCIÓN DE SERIE
Mención de serie Monografías de arte.
-- Estrella
600 14 - PUNTO DE ACCESO ADICIONAL DE MATERIA--NOMBRE DE PERSONA
Nombre de persona Romero de Torres, Julio.
9 (RLIN) 99382
700 1# - ENTRADA AGREGADA--NOMBRE PERSONAL
Nombre de persona Martínez Sierra, Gregorio,
Fechas asociadas al nombre 1881-1947
9 (RLIN) 78429
700 1# - ENTRADA AGREGADA--NOMBRE PERSONAL
Nombre de persona Valle-Inclán, Ramón del,
Fechas asociadas al nombre 1866-1936
9 (RLIN) 112796
700 1# - ENTRADA AGREGADA--NOMBRE PERSONAL
Nombre de persona Benavente, Jacinto,
Fechas asociadas al nombre 1866-1954
9 (RLIN) 27443
700 1# - ENTRADA AGREGADA--NOMBRE PERSONAL
Nombre de persona Nogales, José,
Fechas asociadas al nombre 1860-1908
9 (RLIN) 85840
700 1# - ENTRADA AGREGADA--NOMBRE PERSONAL
Nombre de persona Abril, Manuel,
Fechas asociadas al nombre 1884-1943
9 (RLIN) 165312
830 0# - PUNTO DE ACCESO ADICIONAL DE SERIE-TÍTULO UNIFORME
Título uniforme Monografías de arte.
-- Estrella
9 (RLIN) 181422
852 ## - LOCALIZACIÓN
Ubicación ES-MaACL
Número de control de estantería F-5782
Holdings
Estatus retirado Estado de pérdida Estado de daño No para préstamo Biblioteca de origen Biblioteca actual Ubicación en estantería Fecha de adquisición Fuente de adquisición Total de préstamos Signatura topográfica completa Código de barras Visto por última vez Precio de reemplazo Tipo de ítem Koha
        Biblioteca del Ateneo de Madrid Biblioteca del Ateneo de Madrid Depósito 2 17/01/2008     F-5782 1119769 23/02/2023 23/02/2023 Libro impreso